Salutación / por José Ma. de Muller y de Abadal, Presidente de la Diputación Provincial de Barcelona Consejero Nacional y Procurador en Cortes
Publicado:
San Jorge, núm. 67 - 68 (2n semestre 1967), pàg 6 - 7 :
MARC
| LEADER | 00000nam a2200000Ia 4500 | ||
|---|---|---|---|
| 008 | 160829s9999 xx 000 0 cat d | ||
| 110 | 1 | |9 54359 |a Barcelona (Catalunya : Província). |b President (1967-1973 : Muller) | |
| 245 | |a Salutación / por José Ma. de Muller y de Abadal, Presidente de la Diputación Provincial de Barcelona Consejero Nacional y Procurador en Cortes | ||
| 260 | |a San Jorge, núm. 67 - 68 (2n semestre 1967), pàg 6 - 7 | ||
| 610 | 1 | 0 | |a Barcelona (Catalunya : Província). |b Diputació |9 52771 |x Presidents |
| 650 | 0 | |9 54360 |a Discursos castellans | |
| 901 | |a Arxiu | ||
| 942 | |n 1 |2 udc | ||
| 952 | |0 0 |1 0 |4 0 |7 1 |9 49577 |a Arxiu |b Arxiu |d 2016-12-01 |l 0 |r 2016-12-01 00:00:00 |w 2016-12-01 |y ARXIU | ||
| 999 | |c 53419 |d 53419 | ||